000 00410nam a2200157Ia 4500
008 230718s9999 xx 000 0 und d
041 _aeng
082 _a005.8
_bDEV
100 _aDevi M. (Editor)
245 _aInformation Security Management An Introduction
260 _c2005
_bICFAI Books
300 _a175
365 _cRs.
_b350.00
700 _aDevi M. (Editor)
906 _d12/4/06/IPRESS/2006
_cIT
999 _c313521
_d313521